000 00846nam a2200277 i 4500
001 bg
100 1 _aKŁOSOWSKI, Stanisław
245 1 0 _aRośliny wodne i bagienne /
_cStanisław i Grzegorz Kłosowscy.
260 _aWarszawa :
_b"Multico",
_c2001.
300 _a333 s. :
_bil. kolor. ;
_c22 cm.
490 1 _aFlora Polski
504 _aBibliogr. Indeks.
650 9 _aBagna
_xflora
_zPolska
650 9 _aRośliny wodne
_zPolska
655 _aAtlasy
700 1 _aKłOSOWSKI, Grzegorz
830 _aFlora Polski
020 _a8370732488
040 _cBPK
041 0 _apl
080 _a581.9(438:28)(084.4)
920 _a83-7073-248-8
942 _cKS
008 s pl f |000 0 pol
999 _c41040
_d41040
856 _uhttp://koha.tu.koszalin.pl/cgi-bin/koha/opac-detail.pl?biblionumber=41040
_yKatalog online BPK